Statistics for Kofun period of Japan Quiz

Click here to take the quiz!

General Stats

  • This quiz has been taken 5 times
  • The average score is 7 of 15

Answer Stats

Hint Answer % Correct
The walls and roof of the tombs were made of what?Stone
100%
The large burial mounds of this time period are shaped like what?Keyhole
75%
What is the name for the terra cotta figurines, possibly used to recreate a familiar world for the dead, often shaped to look like people, horses, boats, etc.?Haniwa
75%
Which shrine, dedicated to the sun goddess Amaterasu, was built during this period?Ise
75%
The Kofun period lasted from the year 300 to ___.552
50%
"Kofun" means what?Tomb
50%
Something noteable about these figurines is that they don't appear to have any _________ purpose.Religious
50%
What else, used as status symbols, were often placed in tombs?Weapons
50%
Which type of animal might have appeared in Japan during this time?Horse
50%
The early versions of the above were only shaped like what?Cylinders
25%
A myth of the origin of these figurines is that an early emperor was moved by the agony of attendants of dead royalty who had to undergo what?Live burial
25%
The largest tomb, 1500 feet in length and situated outside of Osaka, belongs to which emperor?Nintoku
25%
Silla, Koguryo, and what other state (backed by Japan) was struggling for power in Korea?Paekche
25%
What is the name of the military outpost that the Japanese may have established on the southern tip of Korea?Mimana
25%
Which emperor ordered the above to be built?Temmu
0%

Score Distribution

Percentile by Number Answered

Percent of People with Each Score

Your Score History

You have not taken this quiz